| 000 | 01044nam a22002535i 4500 | ||
|---|---|---|---|
| 001 | 163862 | ||
| 003 | ES-MaACL | ||
| 005 | 20250815062647.0 | ||
| 008 | 960306q18901900sp |||| | spa d | ||
| 040 |
_aEUS _bspa _cEUS |
||
| 100 | 1 |
_aRoguin, Ernesto. _9131990 |
|
| 245 | 1 | 0 |
_aLas reglas jurídicas precedida de una introducción sobre la clasificación de las ciencias / _cpor Ernesto Roguin ; traducción por José María Navarro de Palencia. |
| 260 |
_aMadrid : _bLa España Moderna, _c[s.a] |
||
| 300 |
_a[2], 498 p. ; _c23 cm. |
||
| 490 | 1 | _aBiblioteca de Jurisprudencia, Filosofía é Historia | |
| 596 | 1 | _aLa España Moderna imprime al menos entre 1890-1900. | |
| 597 | 1 | _aAntep. | |
| 597 | 1 | _aSignaturizado. | |
| 700 | 1 |
_aNavarro de Palencia, José María. _985117 |
|
| 830 | 0 | 0 |
_aBiblioteca de jurisprudencia, filosofía e historia _9180691 |
| 852 |
_aES-MaACL _jF-14829 _z-- Enc. hol. _x-- Edic.: añadir en T260 (Imp. Gabriel L. Horno) |
||
| 852 |
_aES-MaACL _jF-4277 _z-- Enc. pasta española |
||
| 999 |
_c163862 _d163862 |
||